000 01093cam a22003617a 4500
003 CHAP
005 20220817040944.0
008 971013s1989 r 00010 d
010 _a3412
011 _a4384
035 _a3587
040 _cCHAP
082 _a637
_bF31
110 1 _aFAO
245 0 _aHandbook of rural technology for the processing of animal by-products
260 _aRome :
_bFAO,
_c1989.
300 _a154 p.
_b: ilus
410 _aFAO
490 0 _aFAO. Servicios agrícolas
_v; 79
590 _aBATCH-UPD
_b10
_c20130110
_lUCH01
_h1557
590 _aBATCH-UPD
_b10
_c20130410
_lUCH01
_h0954
590 _aBATCH-UPD
_b10
_c20130914
_lUCH01
_h1341
590 _aCONVERSION
_b10
_c20130109
_lUCH01
_h1303
650 1 4 _aProductos animales.
_992040
650 1 4 _aProductos pecuarios
_xProcesado.
_992196
650 1 4 _aProductos pecuarios
_xSubproductos.
_992199
700 0 _aKumar, Mahendra.
_964077
810 0 _aFAO
830 0 0 _aFAO. Servicios agrícolas
_v; 79
_939697
901 _aBK
942 _cLIBRO
949 _a637 F31
_bBC
_cFAO
_d-13109
_eFAO1
_h79578
_i3587
_mD
_si
999 _c3412
_d3412